Základy účetnictví pro zemědělské obory /

Hlavní autor: Kouřilová, Jindra, 1947-
Další autoři: Rybová, Jarmila
Jazyk: Čeština
Vydáno: České Budějovice : Jihočeská univerzita v Českých Budějovicích, Ekonomická fakulta, 2011
Vydání: 1. vyd.
Témata:
Fyzický popis: 108 s. : il. ; 30 cm
Knihy
Uloženo v:
LEADER 01476nam a2200421 a 4500
001 nkc20112235259
003 CZ PrNK
005 20111111103803.0
007 ta
008 111005s2011 xr a e p 000 0 cze
015 |a cnb002235259 
020 |a 978-80-7394-297-7  |q (brož.) 
035 |a (OCoLC)761170358 
040 |a BOA001  |b cze 
043 |a e-xr--- 
072 7 |a 657  |x Účetnictví  |2 Konspekt  |9 4 
072 7 |a 37.016  |x Učební osnovy. Vyučovací předměty. Učebnice  |2 Konspekt  |9 22 
080 |a 657  |2 MRF 
080 |a (437.3)  |2 MRF 
080 |a (075.8)  |2 MRF 
100 1 |a Kouřilová, Jindra,  |d 1947-  |7 mzk2003169998  |4 aut 
245 1 0 |a Základy účetnictví pro zemědělské obory /  |c Jindra Kouřilová, Jarmila Rybová 
250 |a 1. vyd. 
260 |a České Budějovice :  |b Jihočeská univerzita v Českých Budějovicích, Ekonomická fakulta,  |c 2011 
300 |a 108 s. :  |b il. ;  |c 30 cm 
500 |a V tiráži vročení 2008 
500 |a 100 výt. 
504 |a Obsahuje bibliografii 
650 0 7 |a účetnictví  |7 ph116911  |z Česko  |2 czenas 
650 0 9 |a accounting  |z Czechia  |2 eczenas 
655 7 |a učebnice vysokých škol  |7 fd133772  |2 czenas 
655 9 |a textbooks (higher)  |2 eczenas 
700 1 |a Rybová, Jarmila  |7 mzk2003169999  |4 aut 
910 2 |a BOA001  |b 4-1273.276 
990 |a BK 
995 |a 01 
991 |b 201111  |c NOV  |e n 
996 6 |b 2610490699  |c 4-1273.276  |l MZK  |r Sklad / do 1 hodiny  |n 0  |p p.v.  |w 001206694  |u 000010  |a 1  |e BOA001  |j MZK50  |s P